00313nam a2200121Ia 4500008004100000041000800041082001700049100001500066245003400081260003300115300003200148365001100180240624s9999 xx 000 0 und d aeng a343.0999 PRA aPRASAD R S aCYBER CRIME COMBAT STRATEGIES c2004aHyderabadbICFAI press aviii, : 203 : p. : cm. ; 23 cRSb50